[Event "Krakow op-A 25th"]
[Site "Krakow"]
[Date "2014.12.28"]
[Round "2"]
[White "Krysztofiak, Marcin"]
[Black "Warakomska, Anna"]
[Result "1/2-1/2"]
[WhiteElo "2418"]
[BlackElo "2216"]
[PlyCount "35"]
[EventDate "2014.12.27"]
[EventType "swiss"]
[EventRounds "9"]
[EventCountry "POL"]
[SourceTitle "CBM 164 Extra"]
[Source "ChessBase"]
[SourceDate "2015.03.02"]
[SourceVersion "1"]
[SourceVersionDate "2015.03.02"]
[SourceQuality "1"]

1. Nf3 d5 2. g3 Nf6 3. Bg2 c6 4. 0-0 Bg4 5. d3 Nbd7 6. Qe1 e5 7. e4 dxe4 8. dxe4 Bc5 9. Nbd2 0-0 10. h3 Bh5 11. Nc4 Re8 12. b4 Bf8 13. a4 Qc7 14. Nh4 b5 15. Ne3 c5 16. axb5 cxb4 17. Bd2 Rab8 18. Bxb4 1/2-1/2